000 00202 a2200097 4500
001 19808
100 _aRauf, A
245 _aWest Pak Rural Educ & develo
260 _a
_bE W C
_c
090 _c14432
_d14432
942 _aNUST-CAE
_cM
_c4928
999 _c254881
_d254881